Hodnotenie inovácií a bariéry ich úspešnosti
Inovácia ako nový spôsob využitia existujúcich zdrojov organizácie k získaniu nových podnikateľských príležitostí. Hodnotenie efektívnosti inovácií. Špecifiká pri posudzovaní efektívnosti inovácií. Technické kritériá, ekonomické efekty a iné efekty. Bariéry úspešnosti inovácií. Inovácie ako cesta k...
Guardado en:
| Autor principal: | |
|---|---|
| Formato: | Capítulo de libro |
| Lenguaje: | eslovaco |
| Materias: | |
| Etiquetas: |
Sin Etiquetas, Sea el primero en etiquetar este registro!
|
MARC
| LEADER | 00000nla$a2200000$$$4500 | ||
|---|---|---|---|
| 001 | 0068513 | ||
| 005 | 20240502071828.8 | ||
| 041 | 0 | |a slo | |
| 044 | |a SK | ||
| 245 | 1 | 0 | |a Hodnotenie inovácií a bariéry ich úspešnosti |c Viliam Jachymovič |
| 520 | |a Inovácia ako nový spôsob využitia existujúcich zdrojov organizácie k získaniu nových podnikateľských príležitostí. Hodnotenie efektívnosti inovácií. Špecifiká pri posudzovaní efektívnosti inovácií. Technické kritériá, ekonomické efekty a iné efekty. Bariéry úspešnosti inovácií. Inovácie ako cesta k zabezpečeniu konkurencieschopnosti organizácie. | ||
| 610 | 2 | 0 | |a inovácia |
| 610 | 2 | 0 | |a produkty |
| 610 | 2 | 0 | |a výskum |
| 610 | 2 | 0 | |a vývoj |
| 610 | 2 | 0 | |a marketing |
| 610 | 2 | 0 | |a konkurencieschopnosť |
| 610 | 2 | 0 | |a náklady |
| 610 | 2 | 0 | |a efektívnosť |
| 610 | 2 | 0 | |a podnikanie |
| 100 | 1 | |a Jachymovič, Viliam | |